LEADER 01483nam a2200313 i 4500 001 000000110031 003 CaOOAMICUS 005 20090612000000.0 008 090612s1995 it u000 u ita u 013 $a82712 020 $a88-204-9382-9 040 $aSeMil$bita 100 1 $aAIF .$0(OLS)http://semarc/name/4045 245 10$aNuovi alfabeti :$blinguaggi e percorsi per ripensare la formazione /$ca cura di Ennio Baldini, Federico Moroni, Marco Rotondi. 260 $aMilano :$bFranco Angeli,$c1995. 300 $a222 p. ;$c23 cm. 490 0 $aAIF : Associazione italiana formatori ;$v9 650 4$aFormazione.$0(OLS)http://semarc/subject/16027 650 4$aAziende - Personale - Istruzione professionale.$0(OLS)http://semarc/subject/19547 700 1 $aRotondi, Marco.$0(OLS)http://semarc/name/46155 700 1 $aMoroni, Federico.$0(OLS)http://semarc/name/46154 700 1 $aBaldini, Ennio.$0(OLS)http://semarc/name/46153 830 0$aAIF : Associazione italiana formatori ;$v9.$0(OLS)http://semarc/title/10538 850 $aSeMil 852 $aSeMil$W1$xVenegono$y1$m2Q IV 367$j65955$B65955$CSeMilBibl$Z2$F74307 $81 961 $aOmaggio: Colasanto Prof. Michele 996 $6020$a88-204-9382-9$9(OLS)http://semarc/number/91633 996 $6245$aNuovi alfabeti :$blinguaggi e percorsi per ripensare la formazione$9(OLS)http://semarc/title/159876 996 $6260$aMilano :$bFranco Angeli$9(OLS)http://semarc/publisher/30369 LEADER 01270nam a2200289 i 4500 001 000000111463 003 CaOOAMICUS 005 20190530150708.0 008 030127s1994 it u000 u ita u 013 $a84145 020 $a88-420-4439-3 040 $aSeMil$bita 100 1 $aWahl, Jean,$d<1888-1974>.$0(OLS)http://semarc/name/33953 245 13$aLa coscienza infelice nella filosofia di Hegel /$cJean Wahl ; prefazione di Enzo Paci. 260 $aBari :$bLaterza,$c1994. 300 $aXXIX, 238 p. ;$c21 cm. 490 1 $aBiblioteca universale Laterza ;$v417 600 14$aHegel, Georg Wilhelm Friedrich <1770-1831>.$0(OLS)http://semarc/subject/3904 650 4$aCoscienza - Filosofia.$0(OLS)http://semarc/subject/3156 700 1 $aPaci, Enzo,$d<1911-1976>.$0(OLS)http://semarc/name/1743 830 0$aBiblioteca universale Laterza ;$v417.$0(OLS)http://semarc/title/6930 850 $aSeMil 852 $aSeMil$W1$xVenegono$y1$m2P VII 401$j213116$B67294$CSeMilBibl$Z2$F73780 $81 996 $6020$a88-420-4439-3$9(OLS)http://semarc/number/93648 996 $6245$aLa coscienza infelice nella filosofia di Hegel$9(OLS)http://semarc/title/162254 996 $6260$aBari :$bLaterza$9(OLS)http://semarc/publisher/29858